| 000 | 00919cam a22002653a 4500 | ||
|---|---|---|---|
| 001 | 25902 | ||
| 003 | PGUSA | ||
| 005 | 20140828083546.0 | ||
| 008 | 080626s2008||||xxu|||||s|||||000 | eng d | ||
| 040 |
_aPGUSA _beng |
||
| 042 | _adc | ||
| 050 | 4 | _aDA | |
| 100 | 1 |
_aMacaulay, Thomas Babington Macaulay, Baron, _d1800-1859 |
|
| 245 | 1 | 4 |
_aThe History of England, from the Accession of James II. : _bComplete Contents of the Five Volumes _h[electronic resource] / _cThomas Babington Macaulay, Baron Macaulay |
| 260 |
_bProject Gutenberg, _c2008 |
||
| 506 | _aPublic domain in the USA. | ||
| 516 | _aElectronic text | ||
| 653 | _aGreat Britain -- History -- James II, 1685-1688 | ||
| 653 | _aGreat Britain -- History -- William and Mary, 1689-1702 | ||
| 653 | _aIndexes | ||
| 700 | 1 |
_aWidger, David, _d1932- |
|
| 830 | 0 |
_aProject Gutenberg _v25902 |
|
| 856 | 4 | 0 | _uhttp://www.gutenberg.org/ebooks/25902 |
| 942 | _cEB | ||
| 999 |
_c255157 _d255157 |
||